[Event "Challenge"]
[Site "http://www.queenalice.com/game.php?id=493365"]
[Date "2008.11.14"]
[Round "-"]
[White "Gunsberg"]
[Black "juan_francisco"]
[Result "1-0"]
[WhiteElo "1921"]
[BlackElo "1519"]

1. e4 e5 2. Nf3 Qf6 3. Nc3 Na6 4. d3 Nh6 5. Nd5 Qc6 6. Nxe5 Qd6 7. Nc4 Qc6 8.
Bf4 Bd6 9. Bxd6 cxd6 10. b4 b5 11. Na5 Qxd5 12. exd5 Nxb4 13. c3 Na6 14. c4 bxc4
15. dxc4 Ng4 16. Qxg4 g6 17. Qe4+ Kf8 18. Qf3 Nb4 19. Bd3 Nxd3+ 20. Qxd3 f5 21.
O-O Rb8 22. Rfe1 Kg7 23. Re7+ Kh6 24. Qe3+ g5 25. Qh3+ Kg6 26. g4 fxg4 27. Qxg4
h5 28. Qe4+ 1-0

[Event "Challenge"]
[Site "http://www.queenalice.com/game.php?id=501769"]
[Date "2008.12.2"]
[Round "-"]
[White "Gunsberg"]
[Black "Magger"]
[Result "0-1"]
[WhiteElo "1874"]
[BlackElo "1495"]

1. e4 e5 2. Nc3 Bc5 3. Nh3 h6 4. d4 Bxd4 5. Bd2 d6 6. Bd3 c6 7. b4 Bxh3 8. gxh3
Qh4 9. Qg4 Qxg4 10. hxg4 Nf6 11. f3 b5 12. a4 Bxc3 13. Bxc3 O-O 14. h4 Nfd7 15.
g5 h5 16. Ke2 c5 17. Bxb5 Rc8 18. Bc4 cxb4 19. Bd5 Nc6 20. Bb2 g6 21. Kf2 Rab8
22. c3 b3 23. Rab1 Nc5 24. Kg2 Nxa4 25. Ba3 Nxc3 26. Bxd6 Rb6 27. Rxb3 Nxd5 28.
Rxb6 Nxb6 29. Rc1 Nd4 30. Rxc8+ Nxc8 31. Bxe5 Ne6 32. f4 a5 33. f5 gxf5 34. exf5
Nc5 35. g6 fxg6 36. fxg6 a4 37. Kg3 Nd3 38. Bf6 a3 39. Kf3 a2 40. Ke2 Nf4+ 0-1

[Event "Challenge"]
[Site "http://www.queenalice.com/game.php?id=501864"]
[Date "2008.12.3"]
[Round "-"]
[White "Gunsberg"]
[Black "crisvolei"]
[Result "1-0"]
[WhiteElo "1500"]
[BlackElo "1593"]

1. e4 e5 2. Nf3 d6 3. Nc3 Bg4 4. Be2 Qf6 5. Nd5 Qd8 6. d4 Nc6 7. h3 Nxd4 8. hxg4
Nxf3+ 9. gxf3 Nf6 10. Nxf6+ gxf6 11. Be3 c5 12. f4 Qa5+ 13. c3 h5 14. gxh5 Bh6
15. Qxd6 Rd8 16. Qxf6 Bg7 17. Qxg7 Rf8 18. Qxe5+ Kd7 19. Bg4+ Kc6 20. Qf6+ Rd6
21. Qe7 Rfd8 22. O-O Qb5 23. Rad1 R8d7 24. Bxd7+ Rxd7 25. Qxd7+ Kb6 26. Rd6+ Ka5
27. Qxb5+ Kxb5 28. h6 c4 29. h7 b6 30. h8=Q f5 31. Qe8+ Ka5 32. b4+ 1-0

[Event "Challenge"]
[Site "http://www.queenalice.com/game.php?id=501865"]
[Date "2008.12.3"]
[Round "-"]
[White "Gunsberg"]
[Black "sebastiam"]
[Result "1-0"]
[WhiteElo "1870"]
[BlackElo "1518"]

1. Nf3 e6 2. g3 Bd6 3. Bg2 Nf6 4. O-O Nh5 5. Nc3 b5 6. Nxb5 Bc5 7. d4 c6 8. Nc3
Bb4 9. Na4 Qa5 10. c3 Bd6 11. b4 Qd5 12. Ng5 Qc4 13. Ne4 Bc7 14. Nb2 Qd5 15.
Nf6+ gxf6 16. Bxd5 cxd5 17. e4 dxe4 18. Qxh5 Nc6 19. b5 Na5 20. Re1 Ke7 21. Rxe4
Bb7 22. Rg4 f5 23. Rg7 Rhf8 24. Bg5+ Kd6 25. Bf4+ e5 26. Bxe5+ Kd5 27. Bxc7 Nc4
28. Qxf5+ Ne5 29. Qxe5# 1-0

[Event "Challenge"]
[Site "http://www.queenalice.com/game.php?id=501870"]
[Date "2008.12.3"]
[Round "-"]
[White "Gunsberg"]
[Black "WelintonMaia"]
[Result "1-0"]
[WhiteElo "1875"]
[BlackElo "1745"]

1. e4 e5 2. Nf3 d6 3. d4 exd4 4. Nxd4 Nf6 5. Nc3 Be7 6. Be2 O-O 7. Nf5 Bxf5 8.
exf5 Nc6 9. O-O d5 10. Bf3 d4 11. Bf4 dxc3 12. Qxd8 Bxd8 13. bxc3 Na5 14. Rad1
Nc4 15. Bxb7 Rb8 16. Ba6 Na3 17. Bd3 Rb2 18. Bc1 Rxa2 19. Bxa3 Rxa3 20. c4 c5
21. Rb1 Nh5 22. g3 a5 23. Rfe1 g6 24. Rb5 Be7 25. Rxe7 gxf5 26. Rxc5 f4 27. Rxh5
f3 28. Bxh7+ Kg7 29. Bd3 Kf6 30. Re3 Ra1+ 31. Bf1 Ra8 32. Rhe5 a4 33. Re1 a3 34.
Rxa1 Kxe5 35. Bd3 Kd4 36. Ra2 Kc5 37. Kf1 Kb4 38. Ke1 Kc3 39. Kd1 Kb4 40. Kc1
Re8 41. Kd1 Ka4 42. c5 Rc8 43. Bc4 f5 44. Be6 Rxc5 45. h4 Re5 46. Bd7+ Kb4 47.
Bc6 Ra5 48. Bxf3 Kc3 49. h5 Ra4 50. h6 Rd4+ 51. Kc1 Rd2 52. Rxa3+ Kb4 53. Kxd2
Kxa3 54. h7 1-0

[Event "Challenge"]
[Site "http://www.queenalice.com/game.php?id=502003"]
[Date "2008.12.3"]
[Round "-"]
[White "Gunsberg"]
[Black "paddymalonespub"]
[Result "1-0"]
[WhiteElo "1772"]
[BlackElo "1735"]

1. e4 e5 2. Nf3 Nc6 3. Nc3 Nf6 4. d4 exd4 5. Nxd4 Bc5 6. Nxc6 dxc6 7. Qxd8+ Kxd8
8. h3 Be6 9. Bd3 Ke7 10. O-O Rhe8 11. Bf4 Rac8 12. Rad1 Kf8 13. a4 a6 14. b3 b5
15. axb5 cxb5 16. Bd2 c6 17. Rb1 b4 18. Na4 Bd4 19. Bxa6 Rcd8 20. Bxb4+ Kg8 21.
c3 Be5 22. Nc5 Bd6 23. Nb7 Rd7 24. Nxd6 Rxd6 25. Bxd6 Nxe4 26. Bf4 Nxc3 27. Rb2
Nd5 28. Bd2 h6 29. Bc4 Nb6 30. Bxe6 Rxe6 31. Re1 Rf6 32. Bc3 Rd6 33. Rd2 Nd5 34.
Red1 Rd8 35. b4 Rb8 36. Rd4 Re8 37. b5 Nxc3 38. Rd8 Nxd1 39. Rxe8+ Kh7 40. bxc6
Nc3 41. c7 Nb5 42. c8=Q Nd6 43. Qc2+ g6 44. Rd8 Nf5 45. Qb2 h5 46. Qh8# 1-0

[Event "Challenge"]
[Site "http://www.queenalice.com/game.php?id=502166"]
[Date "2008.12.3"]
[Round "-"]
[White "Gunsberg"]
[Black "Sigmund"]
[Result "1-0"]
[WhiteElo "1823"]
[BlackElo "1793"]

1. e4 e5 2. Nf3 Nc6 3. Nc3 a6 4. a4 Bc5 5. Qe2 Nf6 6. Qc4 O-O 7. Qxc5 d6 8. Qa3
Bg4 9. Be2 Bxf3 10. Bxf3 Nd4 11. Bd1 b5 12. O-O c5 13. d3 b4 14. Qa2 bxc3 15.
bxc3 Ne6 16. Bf3 Rb8 17. Rd1 h6 18. Rb1 g5 19. Be3 Kh7 20. h3 Rg8 21. g4 h5 22.
Rb2 Qa5 23. Rxb8 Rxb8 24. Qa3 Rg8 25. d4 Nf4 26. Kh2 Qb6 27. dxc5 dxc5 28. Bxc5
Qb7 29. Qb4 Qc6 30. Rd6 Qc8 31. Rxf6 Kg7 32. Be7 h4 33. Qa5 Ng6 34. Qb4 Re8 35.
Rf5 Rxe7 36. Rxg5 Rc7 37. Qd6 Rxc3 38. Qxe5+ Kh7 39. Qf6 Qb8+ 40. e5 Nxe5 41.
Rg7+ 1-0

[Event "Challenge"]
[Site "http://www.queenalice.com/game.php?id=502394"]
[Date "2008.12.4"]
[Round "-"]
[White "Gunsberg"]
[Black "charles31"]
[Result "1-0"]
[WhiteElo "1664"]
[BlackElo "1801"]

1. e4 e5 2. Nf3 d6 3. d4 exd4 4. Nxd4 Nf6 5. Bd3 a6 6. O-O Qd7 7. h3 Be7 8. Nf5
g6 9. Ng7+ Kf8 10. Bh6 Kg8 11. Nc3 Bf8 12. Qf3 Bxg7 13. Bxg7 Kxg7 14. Nd5 Nxd5
15. exd5 c5 16. dxc6 Nxc6 17. Rae1 Qc7 18. Re3 Be6 19. a3 Rhe8 20. Be4 h6 21. b4
Ne5 22. Qd1 Bc4 23. Rfe1 Rad8 24. c3 d5 25. Bc2 f6 26. f4 Nf7 27. Rxe8 Rxe8 28.
Rxe8 Qxf4 29. Qg4 Qc1+ 30. Qd1 Qxa3 31. Qg4 g5 32. Kh2 Qxc3 33. Qf5 Ne5 34. Qh7#
1-0

[Event "Challenge"]
[Site "http://www.queenalice.com/game.php?id=505847"]
[Date "2008.12.10"]
[Round "-"]
[White "Gunsberg"]
[Black "CampbellMarcel"]
[Result "1-0"]
[WhiteElo "1902"]
[BlackElo "1912"]

1. e4 b6 2. d4 e6 3. d5 exd5 4. Qxd5 c6 5. Qe5+ Qe7 6. Bf4 Qxe5 7. Bxe5 d6 8.
Bc3 Ba6 9. Bd3 Bb7 10. Bd2 Nf6 11. Nc3 Be7 12. Nf3 O-O 13. a3 d5 14. e5 Ng4 15.
h3 Nxf2 16. Kxf2 Nd7 17. Rhe1 f5 18. Bf4 Bc5+ 19. Kf1 h6 20. b4 Be7 21. e6 Nf6
22. Ne5 g5 23. Bh2 d4 24. Nd1 Ne4 25. Ng6 Nd2+ 26. Ke2 1-0

[Event "Challenge"]
[Site "http://www.queenalice.com/game.php?id=506991"]
[Date "2008.12.13"]
[Round "-"]
[White "Gunsberg"]
[Black "davidg"]
[Result "0-1"]
[WhiteElo "1939"]
[BlackElo "2076"]

1. d4 d5 2. c4 c6 3. e3 Nf6 4. Nc3 Bf5 5. cxd5 Nxd5 6. Bd3 Bg6 7. Nf3 Bh5 8. O-O
e6 9. Be2 Bd6 10. Nd2 Bxe2 11. Qxe2 Qh4 12. Nf3 Qh5 13. e4 Nf4 14. Qe3 g5 15. e5
Be7 16. Ne4 h6 17. b4 Nd5 18. Qd2 Kd7 19. Ng3 Qg6 20. a3 g4 21. Ne1 h5 22. Nd3
h4 23. Nf4 Nxf4 24. Qxf4 hxg3 25. Qxg3 Na6 26. f3 Qd3 27. Bb2 Rag8 28. Rad1 Qe3+
29. Qf2 gxf3 30. g3 Qe2 31. Rd2 Qxf2+ 32. Rdxf2 Rh7 33. Rxf3 Ke8 34. Kh1 Nc7 35.
Bc3 Nd5 36. Be1 Bg5 37. Bf2 Rgh8 38. h4 Be7 39. Kg2 Rg8 40. Kh3 f5 41. Rg1 Rg4
42. Rd3 Rhg7 43. Rf3 f4 44. gxf4 Rxg1 45. Bxg1 Rxg1 0-1

[Event "Challenge"]
[Site "http://www.queenalice.com/game.php?id=510750"]
[Date "2008.12.21"]
[Round "-"]
[White "Gunsberg"]
[Black "Eduardomoreto67"]
[Result "0-1"]
[WhiteElo "1921"]
[BlackElo "2136"]

1. d4 Nf6 2. c4 e6 3. Nf3 b6 4. g3 Bb7 5. Bg2 Be7 6. Nc3 O-O 7. O-O Ne4 8. Nxe4
Bxe4 9. Ne1 Bxg2 10. Nxg2 d5 11. Qa4 c5 12. Be3 cxd4 13. Bxd4 Qd6 14. Rad1 e5
15. Bc3 d4 16. a3 Qc6 17. Qxc6 Nxc6 18. Bd2 a5 19. Rb1 Rfc8 20. f4 e4 21. Rfc1
e3 22. Be1 f5 23. b4 axb4 24. axb4 Ra4 25. b5 Na5 26. Ra1 Rxa1 27. Rxa1 Rxc4 28.
Nh4 Bxh4 29. gxh4 Nb3 30. Ra8+ Kf7 31. Ra7+ Kg6 32. h5+ Kh6 33. Kg2 Rc2 34. Bh4
Rxe2+ 35. Kf1 Rxh2 36. Bg5+ Kxh5 37. Rxg7 Nd2+ 38. Kg1 Nf3+ 0-1

[Event "Challenge"]
[Site "http://www.queenalice.com/game.php?id=511449"]
[Date "2008.12.23"]
[Round "-"]
[White "Gunsberg"]
[Black "Rutty"]
[Result "0-1"]
[WhiteElo "1908"]
[BlackElo "1979"]

1. d4 d5 2. c4 dxc4 3. Nf3 g6 4. e3 Bg7 5. Bxc4 Nf6 6. h3 O-O 7. O-O e6 8. Nc3
Nbd7 9. Qe2 Nb6 10. Bb3 Bd7 11. Ne5 Nbd5 12. Bd2 a6 13. a4 Qe7 14. Nxd7 Qxd7 15.
Bc4 Nxc3 16. Bxc3 Ne4 17. Bb4 Rfc8 18. Bd3 Nd6 19. b3 a5 20. Ba3 b6 21. Rfd1 c5
22. Rac1 cxd4 23. Rxc8+ Rxc8 24. exd4 Nf5 25. Bb2 Nxd4 26. Qe1 e5 27. Bc4 Qf5
28. Qc3 Ne2+ 29. Bxe2 Rxc3 30. Bxc3 Qc2 31. Rd8+ Bf8 32. Bxe5 Qxe2 33. Bd6 Kg7
34. Bxf8+ Kf6 35. Rd6+ Ke5 36. Rd8 Qe1+ 37. Kh2 Qb1 38. Re8+ Kd5 39. Rd8+ Kc6
40. Rd6+ Kb7 41. b4 axb4 42. Rd4 b3 43. Rb4 Ka6 44. Rb5 Qb2 45. f3 Qa2 46. Bg7
Qxa4 47. Rd5 Qa2 48. Rd8 Kb5 49. Rd5+ Kc6 50. Rd3 b2 51. Rc3+ Kb7 0-1

[Event "Challenge"]
[Site "http://www.queenalice.com/game.php?id=515603"]
[Date "2009.1.1"]
[Round "-"]
[White "Gunsberg"]
[Black "TinyDemons"]
[Result "0-1"]
[WhiteElo "1888"]
[BlackElo "1880"]

1. d4 e6 2. c4 d5 3. Nf3 Nc6 4. a3 dxc4 5. Nc3 Nf6 6. Bg5 Be7 7. e4 h6 8. Bxf6
Bxf6 9. e5 Be7 10. Bxc4 O-O 11. O-O a6 12. Qd2 b5 13. Ba2 Bb7 14. Bb1 Na5 15.
Qd3 g6 16. Ne2 Nc4 17. Ra2 Bxf3 18. gxf3 c5 19. Nf4 Bh4 20. Kh1 Qg5 21. Ng2 Nd2
22. f4 Qg4 23. Qxd2 Rfd8 24. Ra1 Rxd4 25. Qc2 c4 26. f3 Qh3 27. Qc3 Bg3 0-1

[Event "Challenge"]
[Site "http://www.queenalice.com/game.php?id=516059"]
[Date "2009.1.2"]
[Round "-"]
[White "Gunsberg"]
[Black "attachui"]
[Result "0-1"]
[WhiteElo "1861"]
[BlackElo "2037"]

1. d4 d5 2. c4 c6 3. e3 Nf6 4. Nf3 Bf5 5. cxd5 Nxd5 6. Nc3 Nxc3 7. bxc3 e6 8. a3
Be7 9. Bd3 Bg4 10. Be2 O-O 11. Ne5 Bf5 12. O-O Nd7 13. Nxd7 Qxd7 14. f4 Rfd8 15.
Bb2 c5 16. a4 a6 17. Qb3 Rab8 18. Rfd1 Qc6 19. Bf3 Be4 20. d5 Bxd5 21. Bxd5 Rxd5
22. c4 Rdd8 23. Qc3 Bf6 24. Qc2 Bxb2 25. Qxb2 Rxd1+ 26. Rxd1 Qxa4 27. Rc1 Qc6
28. Qe5 Rd8 29. e4 f6 30. Qh5 Qxe4 31. Qxc5 Qxf4 32. Rf1 Qd4+ 33. Qxd4 Rxd4 34.
Rc1 Kf7 35. c5 Ke7 36. Rb1 Rd7 37. g4 g5 38. Kg2 f5 39. gxf5 exf5 40. Re1+ Kf6
41. Kg3 Rd5 42. Rc1 Ke7 43. c6 bxc6 44. Rxc6 a5 45. Rh6 a4 46. Rxh7+ Kf6 47.
Rh6+ Kg7 48. Ra6 Rd3+ 49. Kg2 a3 50. Kf2 Rh3 51. Kg2 Rb3 52. Kf2 Rb2+ 53. Kg1 a2
54. Ra7+ Kg6 0-1

[Event "Challenge"]
[Site "http://www.queenalice.com/game.php?id=516968"]
[Date "2009.1.4"]
[Round "-"]
[White "Gunsberg"]
[Black "Aldino"]
[Result "1-0"]
[WhiteElo "1864"]
[BlackElo "1950"]

1. d4 d5 2. c4 Nc6 3. Nf3 e6 4. e3 Nf6 5. Nc3 dxc4 6. Bxc4 Bb4 7. Bd2 h6 8. a3
Be7 9. O-O Na5 10. Bd3 Nc6 11. Qc2 Nd5 12. Nxd5 exd5 13. Rad1 Bg4 14. Be2 Qd7
15. h3 Bf5 16. Bd3 Bxd3 17. Qxd3 O-O-O 18. b4 Nb8 19. Ne5 Qe6 20. b5 b6 21. Rc1
Rd6 22. Bb4 Rdd8 23. Qc2 Rd7 24. Nxd7 Qxd7 25. Rfd1 Bxb4 26. axb4 Kb7 27. Rd3
Rc8 28. Qa4 c6 29. Ra3 Ka8 30. bxc6 Nxc6 31. b5 Na5 32. Rac3 Rxc3 33. Rxc3 Qd8
34. Qc2 Kb7 35. e4 dxe4 36. Qxe4+ Kb8 37. Qf4+ Ka8 38. Qxf7 Kb8 39. Qxg7 Qd6 40.
Qg8+ 1-0

[Event "Challenge"]
[Site "http://www.queenalice.com/game.php?id=519943"]
[Date "2009.1.10"]
[Round "-"]
[White "Gunsberg"]
[Black "roda"]
[Result "1-0"]
[WhiteElo "1835"]
[BlackElo "1988"]

1. d4 d5 2. c4 c6 3. Nf3 h6 4. e3 e6 5. Nc3 Be7 6. a3 Nf6 7. Bd3 Nbd7 8. c5 b6
9. b4 b5 10. a4 bxa4 11. Qxa4 Bb7 12. b5 a5 13. bxc6 Bxc6 14. Qxc6 O-O 15. e4
Qe8 16. e5 Nxc5 17. Qxe8 Nxd3+ 18. Ke2 Nxc1+ 19. Rhxc1 Rfxe8 20. exf6 Bxf6 21.
Nb5 Re7 22. Nc7 Rb8 23. Rxa5 Rb2+ 24. Kf1 Rd7 25. Ne8 Re7 26. Ra8 Kh7 27. Nxf6+
gxf6 28. Rcc8 Kg6 29. Rg8+ Kf5 30. Nh4+ Ke4 31. Rg4+ Kd3 32. Ra3+ Kc2 33. Rgg3
Rc7 34. Rge3 Rc4 35. Nf3 Rb1+ 36. Ne1+ Rxe1+ 37. Rxe1 Rxd4 38. Re2+ Rd2 39. Ra2+
1-0

[Event "Challenge"]
[Site "http://www.queenalice.com/game.php?id=520626"]
[Date "2009.1.11"]
[Round "-"]
[White "Gunsberg"]
[Black "REUSKING"]
[Result "0-1"]
[WhiteElo "1891"]
[BlackElo "1971"]

1. d4 d5 2. c4 e6 3. Nc3 Nf6 4. Bg5 Be7 5. e3 O-O 6. Nf3 Nbd7 7. a3 c6 8. b4
dxc4 9. Bxc4 Nd5 10. Bxe7 Qxe7 11. Qc2 Nxc3 12. Qxc3 Re8 13. O-O e5 14. dxe5
Nxe5 15. Nxe5 Qxe5 16. Qxe5 Rxe5 17. Rfd1 Be6 18. Bxe6 Rxe6 19. Rd7 Rb8 20. Rad1
Kf8 21. Rd8+ Re8 22. R8d7 f6 23. R1d3 Re7 24. Rd8+ Rxd8 25. Rxd8+ Kf7 26. a4 a6
27. g4 Kg6 28. h4 h6 29. h5+ Kf7 30. f4 Rxe3 31. Rd7+ Re7 32. Rd4 g6 33. hxg6+
Kxg6 34. Kg2 h5 35. gxh5+ Kxh5 36. Kf3 Kg6 37. Rd8 Kf5 38. Rh8 Rd7 39. Rh5+ Kg6
40. Rc5 Rd5 41. Rc4 f5 42. Ke3 Kf6 43. Rd4 Ke6 44. Kd3 Rxd4+ 45. Kxd4 b6 46. Kc4
Kd6 47. Kd4 c5+ 48. Kc4 cxb4 49. Kxb4 Kd5 50. a5 b5 0-1

[Event "Challenge"]
[Site "http://www.queenalice.com/game.php?id=524338"]
[Date "2009.1.17"]
[Round "-"]
[White "Gunsberg"]
[Black "Boeing"]
[Result "0-1"]
[WhiteElo "1851"]
[BlackElo "1888"]

1. d4 e6 2. c4 c5 3. e3 Nf6 4. Nc3 Nc6 5. Nf3 Be7 6. a3 O-O 7. Bd3 d5 8. cxd5
exd5 9. dxc5 Bxc5 10. Ng5 g6 11. b4 Bb6 12. b5 Ne5 13. Be2 d4 14. exd4 Bxd4 15.
Bb2 Bxc3+ 16. Bxc3 Neg4 17. f3 Ne3 18. Qc1 Re8 19. g4 Nfd5 0-1